Από την παιδική ηλικία στην εφηβεία

Αποθηκεύτηκε σε:
Λεπτομέρειες βιβλιογραφικής εγγραφής
Κύριος συγγραφέας: Montessori, Maria, 1870-1952
Άλλοι συγγραφείς: Γραμμένος, Μπάμπης (Μεταφραστής)
Μορφή: Βιβλίο
Γλώσσα:Greek
French
Δημοσίευση: Αθήνα : Γλάρος, 1978.
Σειρά:Παιδαγωγική βιβλιοθήκη ; 2
Θέματα:
Ετικέτες: Προσθήκη ετικέτας
Δεν υπάρχουν, Καταχωρήστε ετικέτα πρώτοι!

MARC

LEADER 00000cam a2200000 i 4500
001 1/59637
008 141112s1978 gr | ||| |||| ||gre||
020 |a 960275012x 
035 |l 10119732 
040 |a GR-MyUa  |b gre  |e AACR2  
041 1 |a gre  |h fre 
082 7 |a 371.392   |2 (23) 
100 1 |a Montessori, Maria,   |d 1870-1952. 
245 1 0 |a Από την παιδική ηλικία στην εφηβεία /   |c Μαρία Μοντεσσόρι ; μετάφραση: Μπάμπης Γραμμένος. 
260 |a Αθήνα :   |b Γλάρος,   |c 1978. 
300 |a 159 σ. ;   |c 21 εκ.  
490 1 |a (Παιδαγωγική βιβλιοθήκη ;  |v  2) 
500 |a Τίτλος πρωτοτύπου: De l'enfant a l'adolescent. 
650 0 |a Montessori method of education. 
650 0 |a Child development. 
650 0 |a Educational psychology. 
700 1 |a Γραμμένος, Μπάμπης,  |e trl 
830 0 |a Παιδαγωγική βιβλιοθήκη ;  |v  2 
852 |a INST  |b RHODES  |e 20141112  |h 371.392 MON  |p 005400037283  |q 005400037283  |t BK  |y 0 
901 |a BIBL4-2014-3 
970 |z 2014/11/12